[Event "26th WSCC 2016 Open 65+"]
[Site "Marianske Lazne, Czech Republic - Hotel Cristal and Continental"]
[Date "2016.11.26"]
[Round "7.14"]
[White "Sorensen, Bent"]
[Black "Maryasin, Boris"]
[Result "0-1"]
[WhiteElo "2263"]
[BlackElo "2331"]
[PlyCount "74"]
[EventDate "2016.11.19"]

1. Nf3 d5 2. g3 g6 3. Bg2 Bg7 4. d4 Nf6 5. c4 dxc4 6. Qa4+ c6 7. Qxc4 O-O 8.
O-O Be6 9. Qa4 Qb6 10. Nc3 Rd8 11. Rd1 Na6 12. Ng5 Bd7 13. Qc4 Be8 14. Nf3 c5
15. d5 Qb4 16. Qf4 Rac8 17. e4 Ba4 18. Re1 Bc2 19. Nd2 e5 20. dxe6 fxe6 21. Bh3
Nc7 22. a3 Qb6 23. Nc4 Qa6 24. Bf1 b5 25. Ne3 Bb3 26. Be2 Rf8 27. Qh4 Qc6 28.
Bd1 Bxd1 29. Nexd1 b4 30. Nb1 Nb5 31. e5 Nd4 32. Nd2 Nd7 33. Qe4 Nxe5 34. Qxc6
Rxc6 35. Re4 Nd3 36. Nc4 Nb3 37. Rb1 Ndxc1 0-1

[Event "26th WSCC 2016 Open 65+"]
[Site "Marianske Lazne, Czech Republic - Hotel Cristal and Continental"]
[Date "2016.11.26"]
[Round "7.15"]
[White "Zilbert, Oleg"]
[Black "Werner, Clemens"]
[Result "0-1"]
[WhiteElo "2208"]
[BlackElo "2325"]
[PlyCount "162"]
[EventDate "2016.11.19"]

1. e4 c6 2. Nf3 d5 3. Nc3 dxe4 4. Nxe4 Nf6 5. Nxf6+ gxf6 6. Bc4 Rg8 7. O-O Bg4
8. d4 e6 9. c3 Qc7 10. Qd3 Nd7 11. Nh4 f5 12. h3 Bh5 13. Qe3 O-O-O 14. Re1 Kb8
15. Be2 Bxe2 16. Qxe2 Bd6 17. Nf3 Rg7 18. Kh1 Rdg8 19. Rg1 Nf6 20. Bd2 Ne4 21.
g4 Nxd2 22. Nxd2 fxg4 23. Rxg4 Rxg4 24. hxg4 Qe7 25. Nf3 Rxg4 26. Rg1 h5 27.
Rg2 Qf6 28. Ne5 Rh4+ 29. Kg1 Qf5 30. f3 Rf4 31. Kf2 Bxe5 32. dxe5 h4 33. Rg8+
Kc7 34. Kg2 h3+ 35. Kg3 h2 36. Rh8 Qg5+ 37. Kxh2 Rf5 38. Qf2 Qf4+ 39. Kg2 Rxe5
40. Rh4 Rg5+ 41. Kh3 Qf5+ 42. Kh2 Rh5 43. Rxh5 Qxh5+ 44. Kg2 Qg6+ 45. Kh2 b6
46. Qe2 Qh5+ 47. Kg2 Qg5+ 48. Kf2 Qf4 49. Kg2 Kb7 50. b4 Qg5+ 51. Kf2 Qb5 52.
Qe4 Qd5 53. Qe2 b5 54. a3 a6 55. Qe3 e5 56. Kg3 f5 57. Qg5 f4+ 58. Kg4 Qd7+ 59.
Kh4 Qh7+ 60. Kg4 Qd7+ 61. Kh4 Qe8 62. Qg7+ Kc8 63. Kg5 e4 64. Kxf4 e3 65. Qg4+
Kb7 66. Qg7+ Ka8 67. Qg1 e2 68. Qe1 Kb7 69. Kg4 Qe6+ 70. Kg3 Qe3 71. Kg4 Kc8
72. Kg3 Kd7 73. Kg2 Ke6 74. Kg3 Kd5 75. Kg4 Kc4 76. Kg3 Kb3 77. Kg2 Kxa3 78. f4
Kb3 79. f5 Qg5+ 80. Kh2 Qxf5 81. Qxe2 Qc2 0-1

[Event "26th WSCC 2016 Open 65+"]
[Site "Marianske Lazne, Czech Republic - Hotel Cristal and Continental"]
[Date "2016.11.26"]
[Round "7.16"]
[White "Babula, Milan"]
[Black "Mishuchkov, Nikolai M"]
[Result "0-1"]
[WhiteElo "2210"]
[BlackElo "2319"]
[PlyCount "162"]
[EventDate "2016.11.19"]

1. e4 c5 2. Nf3 e6 3. d4 cxd4 4. Nxd4 a6 5. Nd2 d6 6. Bd3 Nf6 7. O-O Be7 8. c4
Qb6 9. N2b3 Nbd7 10. Be3 Qc7 11. f4 b6 12. h3 Bb7 13. Qc2 Nc5 14. Nxc5 bxc5 15.
Ne2 Nd7 16. Nc3 Bf6 17. Rac1 h6 18. a3 O-O 19. Qf2 Rac8 20. Rfd1 Rfd8 21. g4
Bxc3 22. Rxc3 Nf6 23. Re1 Nxe4 24. Bxe4 Bxe4 25. Bxc5 dxc5 26. Rxe4 Rd1+ 27.
Kh2 Qc6 28. Re1 Rcd8 29. Rc2 Rxe1 30. Qxe1 Rd4 31. Qe3 Qd6 32. Qe5 Qxe5 33.
fxe5 a5 34. Kg3 Rd3+ 35. Kf4 Rxh3 36. b4 axb4 37. axb4 cxb4 38. Rb2 b3 39. Ke4
Kf8 40. Kd4 Ke7 41. Kc5 Rc3 42. Kb4 Re3 43. c5 Kd7 44. Kb5 Kc7 45. Rf2 f5 46.
exf6 gxf6 47. Kc4 Kc6 48. Kd4 Re5 49. Rxf6 b2 50. Kxe5 b1=Q 51. Rxe6+ Kxc5 52.
Rxh6 Qg1 53. Kf5 Kd5 54. g5 Qf2+ 55. Kg4 Qe2+ 56. Kh4 Qe4+ 57. Kh5 Qf3+ 58. Kh4
Qf4+ 59. Kh5 Qf7+ 60. Kg4 Qd7+ 61. Kf4 Qa4+ 62. Kg3 Qb3+ 63. Kg4 Qc4+ 64. Kg3
Qd3+ 65. Kg4 Ke5 66. Rf6 Qh7 67. Rh6 Qe4+ 68. Kh5 Kf4 69. Rf6+ Kg3 70. Kh6 Kg4
71. g6 Qe5 72. Rf8 Qh2+ 73. Kg7 Qb2+ 74. Kh6 Qh2+ 75. Kg7 Kg5 76. Rf7 Qb2+ 77.
Kh7 Qc2 78. Rg7 Qd3 79. Rg8 Qh3+ 80. Kg7 Qd7+ 81. Kh8 Kh6 0-1

[Event "26th WSCC 2016 Open 65+"]
[Site "Marianske Lazne, Czech Republic - Hotel Cristal and Continental"]
[Date "2016.11.26"]
[Round "7.17"]
[White "Kolbak, Jens"]
[Black "Van Riemsdijk, Herman C"]
[Result "0-1"]
[WhiteElo "2189"]
[BlackElo "2309"]
[PlyCount "64"]
[EventDate "2016.11.19"]

1. e4 e5 2. Nf3 Nc6 3. Bb5 a6 4. Bxc6 dxc6 5. O-O Bd6 6. d4 exd4 7. Qxd4 f6 8.
Be3 Be6 9. Nbd2 Qe7 10. a3 Qf7 11. Rfe1 Ne7 12. Qc3 Qh5 13. Nf1 Bg4 14. Nd4 c5
15. Nb3 b6 16. f4 Be6 17. Bd2 Nc6 18. Ng3 Qf7 19. Nf5 O-O 20. Nxd6 cxd6 21. Be3
d5 22. exd5 Bxd5 23. Rad1 Rad8 24. Rd2 Qg6 25. Rf2 Rfe8 26. Bd2 a5 27. Rxe8+
Rxe8 28. f5 Qg4 29. h3 Qe4 30. a4 Qxa4 31. Rf4 Re4 32. Qd3 Ne7 0-1

[Event "26th WSCC 2016 Open 65+"]
[Site "Marianske Lazne, Czech Republic - Hotel Cristal and Continental"]
[Date "2016.11.26"]
[Round "7.18"]
[White "Zhelnin, Vladimir V"]
[Black "Beltz, Robert"]
[Result "1-0"]
[WhiteElo "2453"]
[BlackElo "2135"]
[PlyCount "79"]
[EventDate "2016.11.19"]

1. e4 c6 2. Nf3 d5 3. Nc3 Bg4 4. h3 Bxf3 5. Qxf3 e6 6. a3 d4 7. Nb1 c5 8. d3
Nc6 9. Nd2 Nge7 10. g3 Ng6 11. Qe2 e5 12. h4 h5 13. Bh3 Bd6 14. Nf3 Be7 15. O-O
Qc7 16. c3 Nf8 17. Bd2 Nd7 18. Rfc1 Qd6 19. b4 dxc3 20. Bxc3 cxb4 21. axb4 Nd4
22. Bxd4 exd4 23. e5 Qd5 24. e6 fxe6 25. Bxe6 Qd6 26. Qe4 Rf8 27. Rc4 Rf6 28.
Ng5 Ne5 29. Rxd4 Nf3+ 30. Nxf3 Qxe6 31. Qxb7 Qc6 32. Qxc6+ Rxc6 33. Re1 Rb8 34.
Rde4 Rb7 35. b5 Rcb6 36. Ne5 Re6 37. Nc6 Rxe4 38. Rxe4 Kf7 39. Ra4 Bc5 40. Nd8+
1-0

[Event "26th WSCC 2016 Open 65+"]
[Site "Marianske Lazne, Czech Republic - Hotel Cristal and Continental"]
[Date "2016.11.26"]
[Round "7.19"]
[White "Kende, Gyorgy Dr"]
[Black "Pritchett, Craig W"]
[Result "0-1"]
[WhiteElo "2145"]
[BlackElo "2338"]
[PlyCount "42"]
[EventDate "2016.11.19"]

1. d4 Nf6 2. c4 e6 3. Nc3 Bb4 4. a3 Bxc3+ 5. bxc3 c5 6. e3 Nc6 7. Bd3 e5 8. Ne2
e4 9. Bc2 d6 10. O-O Bf5 11. f3 Bg6 12. Nf4 exf3 13. Nxg6 f2+ 14. Rxf2 hxg6 15.
e4 Qa5 16. Qd3 cxd4 17. cxd4 Ng4 18. Re2 Rxh2 19. e5 dxe5 20. Bf4 Rh5 21. dxe5
Qc5+ 0-1

[Event "26th WSCC 2016 Open 65+"]
[Site "Marianske Lazne, Czech Republic - Hotel Cristal and Continental"]
[Date "2016.11.26"]
[Round "7.20"]
[White "Neckar, Lubomir"]
[Black "Lang, Ferdinand"]
[Result "1-0"]
[WhiteElo "2319"]
[BlackElo "2133"]
[PlyCount "53"]
[EventDate "2016.11.19"]

1. Nf3 d5 2. g3 c5 3. Bg2 Nc6 4. d4 e6 5. O-O Nf6 6. c4 dxc4 7. Qa4 Bd7 8. Qxc4
cxd4 9. Nxd4 Rc8 10. Nc3 Be7 11. Rd1 Nxd4 12. Qxd4 Bc5 13. Qf4 Qb6 14. e4 Bc6
15. e5 Nd7 16. Bxc6 Qxc6 17. Ne4 O-O 18. Bd2 Be7 19. Bc3 f6 20. Rxd7 Qxd7 21.
exf6 Bd8 22. Qg4 g6 23. Rd1 Qc6 24. Rd6 Qc4 25. b3 Qc7 26. Qxe6+ Rf7 27. Ng5
1-0

[Event "26th WSCC 2016 Open 65+"]
[Site "Marianske Lazne, Czech Republic - Hotel Cristal and Continental"]
[Date "2016.11.26"]
[Round "7.21"]
[White "Karmov, Mazhmudin"]
[Black "Giffard, Nicolas"]
[Result "1-0"]
[WhiteElo "2122"]
[BlackElo "2313"]
[PlyCount "63"]
[EventDate "2016.11.19"]

1. d4 Nf6 2. Bf4 g6 3. c4 Bg7 4. Nc3 O-O 5. Qd2 c5 6. d5 Qb6 7. e4 d6 8. O-O-O
a6 9. f3 Re8 10. Bh6 e5 11. g4 Bxh6 12. Qxh6 Nbd7 13. h4 Qd8 14. h5 Qe7 15.
hxg6 fxg6 16. Nh3 Qg7 17. Qe3 Rb8 18. Rd2 Nf8 19. Rdh2 Bd7 20. a4 b6 21. Be2
Re7 22. Nf2 Ne8 23. Bf1 Nc7 24. g5 Rf7 25. Bh3 Rf4 26. Bxd7 Qxd7 27. Ng4 Rxg4
28. fxg4 b5 29. Qf3 bxc4 30. Rf1 Qg7 31. Rhf2 Na8 32. a5 1-0

[Event "26th WSCC 2016 Open 65+"]
[Site "Marianske Lazne, Czech Republic - Hotel Cristal and Continental"]
[Date "2016.11.26"]
[Round "7.22"]
[White "Gundersen, Helge"]
[Black "Shevelev, Arkady"]
[Result "1/2-1/2"]
[WhiteElo "2120"]
[BlackElo "2283"]
[PlyCount "53"]
[EventDate "2016.11.19"]

1. f4 Nf6 2. Nf3 d5 3. e3 g6 4. Be2 Bg7 5. O-O O-O 6. d3 c6 7. Nc3 Qb6 8. Qe1
Ng4 9. Bd1 Nd7 10. Na4 Qa6 11. Nc3 e5 12. h3 Nxe3 13. Bxe3 d4 14. Bd2 dxc3 15.
Bxc3 Qb6+ 16. Kh2 exf4 17. Bxg7 Kxg7 18. Qc3+ Kg8 19. Ng5 Qc5 20. Qxc5 Nxc5 21.
Rxf4 Ne6 22. Nxe6 Bxe6 23. Bf3 Rfe8 24. a3 Rad8 25. Re1 Bf5 26. Rxe8+ Rxe8 27.
g4 1/2-1/2

[Event "26th WSCC 2016 Open 65+"]
[Site "Marianske Lazne, Czech Republic - Hotel Cristal and Continental"]
[Date "2016.11.26"]
[Round "7.23"]
[White "Harding, Tim D"]
[Black "Lederman, Leon"]
[Result "1/2-1/2"]
[WhiteElo "2015"]
[BlackElo "2280"]
[PlyCount "68"]
[EventDate "2016.11.19"]

1. e4 c5 2. c3 d5 3. exd5 Qxd5 4. Na3 e6 5. Nf3 Nc6 6. d4 Nf6 7. Bd3 a6 8. Nc4
Qd8 9. dxc5 Bxc5 10. Be3 Bxe3 11. Nxe3 O-O 12. Qc2 e5 13. Rd1 Qe7 14. Ng5 h6
15. Nh7 Rd8 16. Nxf6+ Qxf6 17. O-O Be6 18. Bc4 Rac8 19. Rxd8+ Rxd8 20. Rd1
Rxd1+ 21. Qxd1 Bxc4 22. Nxc4 Qe6 23. b3 b5 24. Ne3 b4 25. cxb4 Nxb4 26. Qd8+
Kh7 27. a3 Nc6 28. Qd3+ Qg6 29. Qxg6+ Kxg6 30. b4 Kf6 31. Nd5+ Kf5 32. Nc7 Nb8
33. f3 e4 34. Kf2 exf3 1/2-1/2

[Event "26th WSCC 2016 Open 65+"]
[Site "Marianske Lazne, Czech Republic - Hotel Cristal and Continental"]
[Date "2016.11.26"]
[Round "7.24"]
[White "Gutkin, Boris"]
[Black "Janda, Zdenek"]
[Result "0-1"]
[WhiteElo "2275"]
[BlackElo "2114"]
[PlyCount "116"]
[EventDate "2016.11.19"]

1. d4 g6 2. Nf3 d6 3. c4 Bg7 4. Nc3 Nd7 5. e4 e5 6. Be3 Ngf6 7. h3 O-O 8. dxe5
dxe5 9. Be2 c6 10. Qd6 Re8 11. Rd1 Bf8 12. Qd2 Qe7 13. O-O Nh5 14. Rfe1 Bg7 15.
Na4 Nf4 16. Bf1 Ne6 17. a3 Nf6 18. Qc2 Nh5 19. g3 c5 20. Nc3 Nd4 21. Bxd4 cxd4
22. Nd5 Qd8 23. b4 Be6 24. Qb3 f5 25. exf5 gxf5 26. Bg2 Bxd5 27. cxd5 Qd6 28.
Ng5 Rec8 29. Ne6 Rc3 30. Qb1 e4 31. Nxd4 Bxd4 32. Rxd4 Rac8 33. Qd1 Nf6 34. Qd2
Kh8 35. a4 Qe5 36. Rd1 e3 37. fxe3 Qxg3 38. Qf2 Qg6 39. d6 Ne4 40. Rxe4 fxe4
41. d7 Rd8 42. Qh4 Rg8 43. Qg4 Qxg4 44. hxg4 Rd3 45. Rxd3 exd3 46. Kf2 Rd8 47.
Ke1 Rxd7 48. Kd2 h6 49. Be4 Kg7 50. Bxd3 Kf6 51. Kc3 Ke5 52. Kd2 Rg7 53. Be2
Ke4 54. Bd3+ Kf3 55. Be2+ Kf2 56. e4 Rd7+ 57. Bd3 Kf3 58. e5 Re7 0-1

[Event "26th WSCC 2016 Open 65+"]
[Site "Marianske Lazne, Czech Republic - Hotel Cristal and Continental"]
[Date "2016.11.26"]
[Round "7.25"]
[White "Pribyl, Josef"]
[Black "Bakalar, Jan"]
[Result "1-0"]
[WhiteElo "2252"]
[BlackElo "2033"]
[PlyCount "65"]
[EventDate "2016.11.19"]

1. d4 Nf6 2. g3 d5 3. Bg2 Bf5 4. Nf3 Nbd7 5. O-O e6 6. Nbd2 Bd6 7. c4 c6 8. Qb3
Qc8 9. Nh4 Bg6 10. Nxg6 hxg6 11. e4 dxe4 12. Nxe4 Nxe4 13. Bxe4 Nf6 14. Bg2 Kf8
15. Bd2 Qd7 16. Rad1 Kg8 17. Rfe1 Ng4 18. h3 Nf6 19. Qf3 Rc8 20. b4 b5 21. Rc1
bxc4 22. Rxc4 Nd5 23. Rec1 Kh7 24. Qb3 Rb8 25. a3 Rb6 26. Qc2 Ra6 27. Rxc6 Rxa3
28. Qb2 Ra4 29. Bxd5 exd5 30. Qb3 Bf8 31. Qxa4 Qxh3 32. Qd1 Kg8 33. Qf3 1-0

[Event "26th WSCC 2016 Open 65+"]
[Site "Marianske Lazne, Czech Republic - Hotel Cristal and Continental"]
[Date "2016.11.26"]
[Round "7.26"]
[White "Karlik, Vladimir"]
[Black "Muratoglu, Salih"]
[Result "1-0"]
[WhiteElo "2217"]
[BlackElo "1897"]
[PlyCount "77"]
[EventDate "2016.11.19"]

1. d4 Nf6 2. Nf3 g6 3. c4 Bg7 4. Nc3 O-O 5. e4 d6 6. Be2 e5 7. d5 c6 8. O-O Qc7
9. Ne1 Na6 10. Nd3 cxd5 11. cxd5 Nc5 12. Nxc5 Qxc5 13. Qb3 a5 14. Be3 Qb4 15.
f3 Bd7 16. Nb5 Bxb5 17. Bxb5 Rfc8 18. Rfc1 Ne8 19. Bxe8 Rxe8 20. Qxb4 axb4 21.
Rc4 Ra4 22. b3 b5 23. Rc2 Ra3 24. Bd2 Rea8 25. Rb2 f5 26. Bxb4 R3a6 27. Rc2
fxe4 28. fxe4 Bh6 29. Kf2 Rf8+ 30. Ke2 Rf4 31. Kd3 Bf8 32. a4 Rf7 33. a5 Rfa7
34. Rc6 Be7 35. Rxa6 Rxa6 36. Rc1 Kf7 37. Rc6 Ra7 38. a6 Ke8 39. Bxd6 1-0

[Event "26th WSCC 2016 Open 65+"]
[Site "Marianske Lazne, Czech Republic - Hotel Cristal and Continental"]
[Date "2016.11.26"]
[Round "7.27"]
[White "Singer, Hans"]
[Black "Marsina, Stefan"]
[Result "1/2-1/2"]
[WhiteElo "2202"]
[BlackElo "1910"]
[PlyCount "82"]
[EventDate "2016.11.19"]

1. d4 d5 2. c4 e6 3. Nc3 Nf6 4. Bg5 Nbd7 5. e3 h6 6. Bh4 Be7 7. Rc1 O-O 8. Nf3
c6 9. a3 Ne8 10. Bg3 Nd6 11. cxd5 exd5 12. Bd3 Nf6 13. Qc2 Be6 14. O-O Qc8 15.
Nh4 Nh5 16. Bxd6 Bxd6 17. Nf5 Bxf5 18. Bxf5 Qd8 19. g3 Re8 20. b4 Nf6 21. Rb1
g6 22. Bd3 Qd7 23. Rfe1 h5 24. h4 Qg4 25. Be2 Qe6 26. Bf3 Ne4 27. Nxe4 dxe4 28.
Be2 Qh3 29. Bf1 Qf5 30. Bg2 a6 31. Red1 Qg4 32. Re1 Qf5 33. a4 Rac8 34. Qe2 Rc7
35. Rec1 Qe6 36. Rb2 Rec8 37. Rcb1 Qd5 38. Qc2 Re8 39. Bh3 Kg7 40. Qb3 Qxb3 41.
Rxb3 f5 1/2-1/2

[Event "26th WSCC 2016 Open 65+"]
[Site "Marianske Lazne, Czech Republic - Hotel Cristal and Continental"]
[Date "2016.11.26"]
[Round "7.28"]
[White "Vitek, Vaclav"]
[Black "Sejkora, Vlastimil"]
[Result "1-0"]
[WhiteElo "1999"]
[BlackElo "2195"]
[PlyCount "87"]
[EventDate "2016.11.19"]

1. Nf3 g6 2. c4 Bg7 3. g3 e5 4. Nc3 Ne7 5. Bg2 Nbc6 6. d3 O-O 7. O-O d6 8. Ne1
Bg4 9. Nc2 Qd7 10. Re1 Be6 11. Bd2 f5 12. Nd5 Nd8 13. Bg5 Bxd5 14. cxd5 Nf7 15.
Bxe7 Qxe7 16. Ne3 Nh6 17. Qb3 b6 18. Rac1 f4 19. Nf1 g5 20. Be4 Ng4 21. f3 Nf6
22. g4 h5 23. Bf5 hxg4 24. fxg4 Ne8 25. e4 Rf6 26. Nd2 Rh6 27. Nf3 Bf6 28. Re2
Ng7 29. Rec2 Nxf5 30. Rxc7 Qe8 31. exf5 e4 32. dxe4 Qxe4 33. Re1 Bd4+ 34. Kg2
Be3 35. Qc3 Rh7 36. Rxh7 Kxh7 37. Qc7+ Kh8 38. Qxd6 Qc2+ 39. Kh1 Qf2 40. Qe5+
Kg8 41. Qe4 Kf8 42. d6 Re8 43. Qb7 Re5 44. f6 1-0

[Event "26th WSCC 2016 Open 65+"]
[Site "Marianske Lazne, Czech Republic - Hotel Cristal and Continental"]
[Date "2016.11.26"]
[Round "7.29"]
[White "Kazantsev, Valentin"]
[Black "Gal, Moshe"]
[Result "0-1"]
[WhiteElo "1953"]
[BlackElo "2150"]
[PlyCount "86"]
[EventDate "2016.11.19"]

1. e4 Nf6 2. Nc3 d5 3. exd5 Nxd5 4. d4 Nxc3 5. bxc3 g6 6. Nf3 Bg7 7. Be2 O-O 8.
O-O c5 9. Be3 Nc6 10. d5 Na5 11. Bxc5 Bxc3 12. Rb1 Bg4 13. Bd4 Qc7 14. h3 Bf5
15. Bd3 Bxd4 16. Bxf5 Bf6 17. Be4 Rfd8 18. Nd2 Rac8 19. Nb3 Nc4 20. Qe2 a6 21.
g3 b5 22. h4 Rd6 23. h5 Rcd8 24. hxg6 hxg6 25. Qf3 Nb6 26. Rbd1 Na4 27. Nd4 Nc3
28. Nc6 Nxd1 29. Nxd8 Nc3 30. Nc6 Nxa2 31. Qa3 Nc3 32. Re1 Nxe4 33. Rxe4 Rxd5
34. Qxa6 Rd6 35. Qa8+ Kg7 36. Nb4 Rd8 37. Qa2 Rd1+ 38. Kg2 Qb7 39. f3 Qb6 40.
Kh3 Rh1+ 41. Kg4 Qg1 42. Kf4 Qc1+ 43. Re3 Bg5+ 0-1

[Event "26th WSCC 2016 Open 65+"]
[Site "Marianske Lazne, Czech Republic - Hotel Cristal and Continental"]
[Date "2016.11.26"]
[Round "7.30"]
[White "Vavruska, Antonin"]
[Black "Sloth, Jorn"]
[Result "1/2-1/2"]
[WhiteElo "2096"]
[BlackElo "2312"]
[PlyCount "64"]
[EventDate "2016.11.19"]

1. e4 Nf6 2. e5 Nd5 3. Bc4 c6 4. Qf3 d6 5. d4 Be6 6. Nc3 dxe5 7. dxe5 Nd7 8.
Qg3 N7b6 9. Bd3 Nxc3 10. bxc3 Qd7 11. Nf3 Bd5 12. O-O h6 13. Nd2 c5 14. c4 Bc6
15. Nb3 e6 16. Be3 Na4 17. f4 g6 18. Rad1 Nb2 19. Rd2 Nxd3 20. cxd3 b6 21. d4
cxd4 22. Bxd4 Qb7 23. Qf2 Bb4 24. Rd3 Be4 25. Re3 Rc8 26. Qe2 Bc6 27. Rc1 h5
28. c5 O-O 29. Rg3 h4 30. Rh3 Rfd8 31. Qf2 Qe7 32. cxb6 axb6 1/2-1/2

[Event "26th WSCC 2016 Open 65+"]
[Site "Marianske Lazne, Czech Republic - Hotel Cristal and Continental"]
[Date "2016.11.26"]
[Round "7.31"]
[White "Montero Martinez, Cristhian"]
[Black "Vikulov, Alexander"]
[Result "1/2-1/2"]
[WhiteElo "2089"]
[BlackElo "2275"]
[PlyCount "189"]
[EventDate "2016.11.19"]

1. d4 d6 2. Nf3 g6 3. Bf4 Bg7 4. h3 Nd7 5. e3 e5 6. Bh2 e4 7. Nfd2 f5 8. c4
Ngf6 9. Nc3 O-O 10. Be2 Ne8 11. O-O c6 12. Rc1 Kh8 13. b4 b6 14. Nb3 Ba6 15. b5
cxb5 16. Nxb5 Bxb5 17. cxb5 Ndf6 18. Qd2 Rf7 19. Rc6 Rc8 20. d5 Bf8 21. Bc4 Nd7
22. Nd4 Nc5 23. Rd1 Kg8 24. Ne6 Qd7 25. Nxc5 bxc5 26. a4 Rb8 27. Qe2 Qd8 28.
Qe1 Rbb7 29. Rb1 Kh8 30. a5 Rfc7 31. Qd1 Nf6 32. Qb3 Qe8 33. Rxc7 Rxc7 34. b6
Rb7 35. Bb5 Qb8 36. Bc6 Rf7 37. b7 Nd7 38. Qb5 Ne5 39. Qxc5 dxc5 40. Bxe5+ Qxe5
41. b8=Q Qxb8 42. Rxb8 Kg7 43. a6 Bd6 44. Rb5 Kf6 45. Kf1 Ke5 46. Ke2 g5 47. f3
h5 48. Ra5 exf3+ 49. gxf3 f4 50. Ra4 fxe3 51. Re4+ Kf5 52. Kxe3 Re7 53. Be8 h4
54. Rxe7 Bxe7 55. Bb5 Ke5 56. Bc4 Bd6 57. Bb3 Bc7 58. Ba2 Ba5 59. Bb3 Bd8 60.
Ba2 Bc7 61. Bb3 Ba5 62. Ba2 Bc3 63. Bc4 Bd4+ 64. Ke2 Bg1 65. Kd3 Bh2 66. Ke3
Bg3 67. Bb3 Bf4+ 68. Kd3 Bc1 69. Bc4 Bb2 70. Ke3 Bc3 71. Bb3 Ba5 72. Ba2 Kf5
73. Bb3 Bb6 74. Bc4 Ke5 75. Kd3 Kf4 76. d6 Kxf3 77. Be6 Kf4 78. Bg4 Ke5 79. d7
Kd5 80. Bf3+ Kd6 81. Bg4 Bd8 82. Kc4 Kc6 83. Kb3 Kc7 84. Bf5 Be7 85. Bg4 Kb6
86. Be2 Bd8 87. Kc3 Be7 88. Kb3 Bf6 89. Kc4 Kxa6 90. Kxc5+ Kb7 91. Bf3+ Kc7 92.
Bg4 a5 93. Kb5 Bc3 94. Ka4 Kd8 95. Kb5 1/2-1/2

[Event "26th WSCC 2016 Open 65+"]
[Site "Marianske Lazne, Czech Republic - Hotel Cristal and Continental"]
[Date "2016.11.26"]
[Round "7.32"]
[White "Anguera Maestro, Jaime"]
[Black "Braun, Gottfried"]
[Result "1/2-1/2"]
[WhiteElo "2081"]
[BlackElo "2242"]
[PlyCount "114"]
[EventDate "2016.11.19"]

1. d4 d6 2. Nf3 Nf6 3. c4 Nc6 4. Nc3 e5 5. d5 Ne7 6. e4 Ng6 7. h3 Be7 8. Be3
O-O 9. g3 Bd7 10. Bg2 Qc8 11. Qc2 c6 12. Rc1 cxd5 13. cxd5 b5 14. Nd2 b4 15.
Ne2 Qa6 16. b3 Rfc8 17. Nc4 Bb5 18. O-O Nd7 19. Rfd1 Qb7 20. Bf3 Rc7 21. Qd2 a5
22. Nb2 Rac8 23. Rxc7 Rxc7 24. Rc1 h6 25. h4 Bd8 26. Rxc7 Qxc7 27. Qc1 Qxc1+
28. Nxc1 Bb6 29. Bxb6 Nxb6 30. Be2 Bxe2 31. Nxe2 Nf8 32. Nc1 Nfd7 33. Ncd3 g6
34. f3 f5 35. Kf2 Kf7 36. Ke3 Ke7 37. g4 fxg4 38. fxg4 Nf6 39. Nf2 Kd8 40. Kf3
Kc7 41. Nh3 Nfd7 42. g5 h5 43. Nf2 Nc5 44. Nfd3 Nxd3 45. Nxd3 Kb7 46. Nb2 Ka6
47. Nd1 Kb5 48. Ne3 Kc5 49. Nc2 Na8 50. Ke3 Nc7 51. Ne1 Nb5 52. Nd3+ Kb6 53.
Nb2 Na3 54. Kd3 Kb5 55. Nd1 Kb6 56. Ne3 Kc7 57. Nc4 Nxc4 1/2-1/2

[Event "26th WSCC 2016 Open 65+"]
[Site "Marianske Lazne, Czech Republic - Hotel Cristal and Continental"]
[Date "2016.11.26"]
[Round "7.33"]
[White "Lind, Jan-Olov"]
[Black "Casden, Alan"]
[Result "1-0"]
[WhiteElo "2213"]
[BlackElo "2102"]
[PlyCount "65"]
[EventDate "2016.11.19"]

1. e4 c5 2. Be2 Nc6 3. f4 g6 4. Nf3 Bg7 5. O-O Nf6 6. d3 b5 7. a4 b4 8. Kh1 Bb7
9. Nbd2 Ng4 10. Nb3 d6 11. Ng5 Nf6 12. e5 Nd5 13. e6 f5 14. Nf7 Qc8 15. Nxh8
Qxe6 16. Bf3 Bxh8 17. Re1 Qf7 18. Rb1 O-O-O 19. Bd2 e5 20. fxe5 Nxe5 21. Rxe5
Bxe5 22. Na5 Ba8 23. c3 Qf6 24. d4 cxd4 25. cxd4 Bxd4 26. Qc1+ Kd7 27. Bg5 Qf8
28. Bxd8 Qxd8 29. Qc4 Qxa5 30. Qxd4 b3 31. Rd1 Ke6 32. Qh8 Bc6 33. Qc8+ 1-0

[Event "26th WSCC 2016 Open 65+"]
[Site "Marianske Lazne, Czech Republic - Hotel Cristal and Continental"]
[Date "2016.11.26"]
[Round "7.34"]
[White "Ashby, Anthony C"]
[Black "Tapper, Larry"]
[Result "0-1"]
[WhiteElo "2074"]
[BlackElo "2212"]
[PlyCount "116"]
[EventDate "2016.11.19"]

1. f4 Nf6 2. Nf3 d6 3. g3 g6 4. Bg2 Bg7 5. O-O e5 6. d3 O-O 7. c3 Nbd7 8. Na3
c6 9. e4 exf4 10. gxf4 Qb6+ 11. Kh1 d5 12. e5 Ng4 13. d4 Re8 14. Nc2 Nf8 15. a4
Qd8 16. a5 Bf5 17. Nb4 a6 18. Nd3 Ne6 19. Ng5 Bf8 20. b4 Ng7 21. Ra2 f6 22. Nf3
Nh6 23. Nc5 Rb8 24. Re2 Bg4 25. Ree1 Nhf5 26. Qc2 Nh5 27. exf6 Bxf3 28. Bxf3
Nxf6 29. Nd3 Nh4 30. Ne5 Qc8 31. Qf2 Nxf3 32. Qxf3 Qf5 33. Re2 Re6 34. Rg2 Bh6
35. h3 Rbe8 36. Ng4 Bg7 37. Ne3 Qd3 38. Ng4 Qxf3 39. Nxf6+ Rxf6 40. Rxf3 Rf5
41. Bd2 Bh6 42. Rgf2 Kf7 43. Kg2 Bf8 44. Re3 Rxe3 45. Bxe3 Bd6 46. Rf3 Ke6 47.
Bd2 Rf8 48. Re3+ Kf5 49. Re2 Rf7 50. Kf3 Re7 51. Rxe7 Bxe7 52. Be3 Bd8 53. Bc1
Bh4 54. Bd2 h5 55. Ke3 g5 56. Kf3 g4+ 57. hxg4+ hxg4+ 58. Ke3 Bg3 0-1

[Event "26th WSCC 2016 Open 65+"]
[Site "Marianske Lazne, Czech Republic - Hotel Cristal and Continental"]
[Date "2016.11.26"]
[Round "7.35"]
[White "Hutchinson, Norman A"]
[Black "Harestad, Thor Geir"]
[Result "0-1"]
[WhiteElo "2062"]
[BlackElo "2211"]
[PlyCount "64"]
[EventDate "2016.11.19"]

1. e4 c5 2. Nf3 Nc6 3. c3 d6 4. d4 Nf6 5. d5 Nb8 6. Bd3 g6 7. O-O Bg7 8. Be3
O-O 9. Qd2 e6 10. dxe6 Bxe6 11. Ng5 Nc6 12. f4 Ng4 13. Nxe6 fxe6 14. Bc4 Qe7
15. f5 Nxe3 16. Qxe3 gxf5 17. exf5 d5 18. Bd3 e5 19. Na3 e4 20. Bc2 Rae8 21.
Rae1 Qd6 22. Nb5 Qe7 23. Qg3 Kh8 24. Qd6 Be5 25. Qxe7 Rxe7 26. c4 Nd4 27. Nxd4
cxd4 28. cxd5 d3 29. Bb3 e3 30. g3 e2 31. Rf3 Bd4+ 32. Kg2 d2 0-1

[Event "26th WSCC 2016 Open 65+"]
[Site "Marianske Lazne, Czech Republic - Hotel Cristal and Continental"]
[Date "2016.11.26"]
[Round "7.36"]
[White "Sobolevsky, Leonid"]
[Black "Andersson, Kaj"]
[Result "0-1"]
[WhiteElo "2207"]
[BlackElo "2057"]
[PlyCount "76"]
[EventDate "2016.11.19"]

1. e4 c5 2. Nf3 d6 3. d4 cxd4 4. Nxd4 Nf6 5. Nc3 a6 6. Bg5 e6 7. Qf3 Be7 8.
O-O-O O-O 9. h4 Qc7 10. h5 h6 11. Be3 Nbd7 12. Qg3 Kh8 13. f3 b5 14. Qf2 Bb7
15. g4 b4 16. Na4 Rac8 17. g5 hxg5 18. h6 g6 19. Nb3 g4 20. Nb6 g3 21. Nxc8
gxf2 22. Nxe7 Ne5 23. Be2 Qxe7 24. Bxf2 Rc8 25. Bh4 Kh7 26. Rd4 Qc7 27. Bd1
Nxf3 28. Rxb4 Bxe4 29. Bxf6 Bxc2 30. Bc3 Bxd1 31. Rxd1 d5 32. Kb1 Ne5 33. Rf1
Nc4 34. a3 a5 35. Rb5 Nxa3+ 36. bxa3 Qxc3 37. Rxf7+ Kxh6 38. Rbb7 Qc2+ 0-1

[Event "26th WSCC 2016 Open 65+"]
[Site "Marianske Lazne, Czech Republic - Hotel Cristal and Continental"]
[Date "2016.11.26"]
[Round "7.37"]
[White "Archangelsky, Mikhail"]
[Black "Furman, Boris"]
[Result "1/2-1/2"]
[WhiteElo "2054"]
[BlackElo "2207"]
[PlyCount "25"]
[EventDate "2016.11.19"]

1. d4 Nf6 2. Nf3 d5 3. e3 e6 4. Nbd2 c5 5. c3 Nc6 6. Bd3 Bd6 7. O-O e5 8. e4
cxd4 9. cxd4 O-O 10. dxe5 Nxe5 11. Nxe5 Bxe5 12. Nf3 dxe4 13. Nxe5 1/2-1/2